[Event "FISU World University-ch 2020"]
[Site "Online"]
[Date "2020.10.26"]
[Round "4.37"]
[White "Khayat, Emad"]
[Black "Heyworth, Nicholas"]
[Result "0-1"]
[WhiteElo "1525"]
[BlackElo "1752"]
[Annotator "NA RC"]
[PlyCount "50"]
[EventDate "2020.10.26"]
[SourceTitle "playchess.com"]
[Source "ChessBase"]
[SourceQuality "1"]

1. d4 Nf6 2. Nf3 e6 3. g3 d5 4. Bg2 c5 5. O-O Nc6 6. c4 dxc4 7. Qa4 Bd7 8. Qxc4 cxd4 9. Nxd4 Rc8 10. Rd1 Be7 11. Nxc6 bxc6 12. Be3 Qa5 13. Nc3 O-O 14. b4 Bxb4 15. Ne4 Nd5 16. Bc5 Bxc5 17. Nxc5 Be8 18. Rab1 Nc3 19. Nb3 Qe5 20. f4 Qe3+ 21. Kh1 Nxb1 22. Rxb1 c5 23. Na5 Bd7 24. Rb3 Qd4 25. Qc2 Ba4 0-1

[Event "FISU World University-ch 2020"]
[Site "Online"]
[Date "2020.10.26"]
[Round "5.1"]
[White "Nenezic, Marko"]
[Black "Lu, Shanglei"]
[Result "1/2-1/2"]
[WhiteElo "2528"]
[BlackElo "2615"]
[Annotator "TA"]
[PlyCount "77"]
[EventDate "2020.10.26"]
[SourceTitle "playchess.com"]
[Source "ChessBase"]
[SourceQuality "1"]

1. Nf3 Nf6 2. c4 e6 3. Nc3 d5 4. d4 dxc4 5. e3 a6 6. a4 c5 7. Bxc4 Nc6 8. O-O Be7 9. Qe2 cxd4 10. Rd1 e5 11. exd4 exd4 12. Nxd4 Nxd4 13. Qe5 Qd6 14. Qxd6 Bxd6 15. Rxd4 Bc5 16. Rd1 O-O 17. Bg5 Be6 18. Bxe6 fxe6 19. Rd2 Rad8 20. Rad1 Rxd2 21. Rxd2 Bb4 22. Re2 Bxc3 23. bxc3 Rd8 24. f3 Kf7 25. Rb2 Rd7 26. c4 Rc7 27. a5 e5 28. Kf2 Nd7 29. Ke2 Nb8 30. Bd2 Ke6 31. Kd3 Rd7+ 32. Ke3 Nc6 33. Bc3 h5 34. Ke4 Rf7 35. g3 Kd6 36. Bb4+ Ke6 37. Bc3 Kd6 38. Bb4+ Ke6 39. Bc3 1/2-1/2

[Event "FISU World University-ch 2020"]
[Site "Online"]
[Date "2020.10.26"]
[Round "5.1"]
[White "Liu, Yan"]
[Black "Zajic, Milan"]
[Result "1-0"]
[WhiteElo "2524"]
[BlackElo "2467"]
[Annotator "TA"]
[PlyCount "115"]
[EventDate "2020.10.26"]
[SourceTitle "playchess.com"]
[Source "ChessBase"]
[SourceQuality "1"]

1. Nf3 d5 2. e3 Nf6 3. c4 c6 4. d4 Bg4 5. Nbd2 e6 6. Qc2 Nbd7 7. b3 Bd6 8. Bb2 Qe7 9. Bd3 Ba3 10. Bxa3 Qxa3 11. O-O Qd6 12. c5 Qe7 13. Qc3 Bf5 14. b4 O-O 15. a4 Bxd3 16. Qxd3 a5 17. b5 e5 18. dxe5 Ng4 19. Qd4 Ngxe5 20. Nxe5 Nxe5 21. Rfc1 Rfe8 22. Rab1 h6 23. h3 Qd7 24. Rd1 Qf5 25. Nf1 Re6 26. Ng3 Qg5 27. Kh2 Nd7 28. bxc6 bxc6 29. Rb7 Nf6 30. f4 Qh4 31. f5 Qxd4 32. exd4 Re3 33. Rb6 Rc8 34. Ra6 h5 35. Rxa5 Rb3 36. Ra7 h4 37. Nf1 Re8 38. Rc7 Re2 39. Rd2 Re1 40. Rf2 Rbb1 41. Rf4 Nh5 42. Rc8+ Kh7 43. Rxh4 g6 44. Ng3 Kg7 45. Nxh5+ gxh5 46. Rxh5 Rh1+ 47. Kg3 Rb3+ 48. Kf4 Re1 49. Rg5+ Kh7 50. Kg4 f6 51. Rc7+ Kh8 52. Rc8+ Kh7 53. Rh5+ Kg7 54. Rc7+ Kg8 55. Rh6 Re2 56. Rg6+ Kh8 57. Kh5 Re4 58. Rg4 1-0

[Event "FISU World University-ch 2020"]
[Site "Online"]
[Date "2020.10.26"]
[Round "5.1"]
[White "Chen, Qi b"]
[Black "Velikic, Adela"]
[Result "1-0"]
[WhiteElo "2493"]
[BlackElo "2259"]
[Annotator "TA"]
[PlyCount "97"]
[EventDate "2020.10.26"]
[SourceTitle "playchess.com"]
[Source "ChessBase"]
[SourceQuality "1"]

1. e4 e6 2. d4 d5 3. Nd2 Be7 4. Bd3 c5 5. dxc5 Nf6 6. Qe2 dxe4 7. Nxe4 Nxe4 8. Bxe4 Bxc5 9. Nf3 Nd7 10. O-O O-O 11. Rd1 Qc7 12. Bg5 h6 13. Bh4 f5 14. Bd3 Nb6 15. b4 Bxb4 16. Bg3 Qe7 17. Be5 Nd5 18. Bc4 Bd7 19. Rab1 Bc6 20. Bb3 Rae8 21. Rd3 a5 22. Nd4 f4 23. Nxc6 bxc6 24. c4 Nb6 25. Qe4 Qg5 26. Rf3 Qf5 27. Rxf4 Qxe4 28. Rxe4 Bc5 29. Bg3 Rf5 30. Kf1 Nd7 31. Bc2 Rff8 32. Ba4 Bxf2 33. Bxf2 Nc5 34. Bc2 Nxe4 35. Bxe4 Rf4 36. Re1 Rd8 37. g3 Rf6 38. Bxc6 Rd2 39. Re2 Rd1+ 40. Kg2 Rc1 41. c5 Kf7 42. Bd7 Ke7 43. c6 a4 44. Bd4 Rg6 45. Bb2 Rb1 46. Ba3+ Kd8 47. Bxe6 Rd1 48. Bd7 Rd3 49. Bf5 1-0

[Event "FISU World University-ch 2020"]
[Site "Online"]
[Date "2020.10.26"]
[Round "5.1"]
[White "Radovanovic, Mihajlo"]
[Black "Lei, Tingjie"]
[Result "0-1"]
[WhiteElo "2457"]
[BlackElo "2505"]
[Annotator "TA"]
[PlyCount "86"]
[EventDate "2020.10.26"]
[SourceTitle "playchess.com"]
[Source "ChessBase"]
[SourceQuality "1"]

1. Nf3 d5 2. g3 g6 3. Bg2 Bg7 4. d4 Nf6 5. c4 c6 6. O-O dxc4 7. Na3 b5 8. Ne5 Nd5 9. e4 Nb6 10. f4 O-O 11. Be3 Bb7 12. h4 N8d7 13. h5 Nxe5 14. fxe5 c5 15. h6 Bh8 16. dxc5 Nd7 17. e6 Nf6 18. Qxd8 Raxd8 19. e5 Nd5 20. exf7+ Rxf7 21. Rxf7 Kxf7 22. Bd4 a6 23. Nc2 Ke8 24. e6 Bxd4+ 25. Nxd4 Nc7 26. Bxb7 Rxd4 27. Bc6+ Kd8 28. Bd7 Nd5 29. Rf1 Nf6 30. c6 b4 31. Rf2 Rd6 32. Rc2 Rd4 33. a3 a5 34. axb4 axb4 35. Rc1 Kc7 36. Ra1 Nd5 37. Ra7+ Kd6 38. Be8 c3 39. bxc3 bxc3 40. c7 Nxc7 41. Bxg6 hxg6 42. Ra2 Rd1+ 43. Kf2 Rh1 0-1

[Event "FISU World University-ch 2020"]
[Site "Online"]
[Date "2020.10.26"]
[Round "5.2"]
[White "Petrosyan, Manuel"]
[Black "Zarubitski, Viachaslau"]
[Result "1/2-1/2"]
[WhiteElo "2628"]
[BlackElo "2442"]
[Annotator "TA"]
[PlyCount "61"]
[EventDate "2020.10.26"]
[SourceTitle "playchess.com"]
[Source "ChessBase"]
[SourceQuality "1"]

1. c4 c6 2. g3 d5 3. Bg2 Nf6 4. Nf3 dxc4 5. O-O Nbd7 6. Qc2 Nb6 7. Na3 Be6 8. Ng5 Qc8 9. Nxe6 Qxe6 10. b3 cxb3 11. axb3 g6 12. Nc4 Nxc4 13. bxc4 Bg7 14. Rb1 O-O 15. Rxb7 Qxe2 16. Ba3 Rfd8 17. Rxe7 Qxd2 18. Qxd2 Rxd2 19. Bxc6 Rc8 20. Rxa7 h5 21. Bb4 Rb2 22. Bc3 Rc2 23. Bxf6 Rxc6 24. Bxg7 Kxg7 25. h4 R6xc4 26. Ra3 Rc1 27. Rxc1 Rxc1+ 28. Kg2 Rc4 29. Re3 Rb4 30. Rf3 Rc4 31. Re3 1/2-1/2

[Event "FISU World University-ch 2020"]
[Site "Online"]
[Date "2020.10.26"]
[Round "5.2"]
[White "Sargsyan, Shant"]
[Black "Ivannikau, Maksim"]
[Result "1-0"]
[WhiteElo "2596"]
[BlackElo "2224"]
[Annotator "TA"]
[PlyCount "91"]
[EventDate "2020.10.26"]
[SourceTitle "playchess.com"]
[Source "ChessBase"]
[SourceQuality "1"]

1. e4 c5 2. Nf3 g6 3. d4 cxd4 4. Qxd4 Nf6 5. Qa4 Nc6 6. Nc3 d6 7. e5 dxe5 8. Nxe5 Bd7 9. Nxd7 Qxd7 10. Be3 Bg7 11. Rd1 Qc7 12. g3 O-O 13. Bg2 a6 14. O-O b5 15. Qf4 Rac8 16. a3 h6 17. Qxc7 Rxc7 18. Rfe1 Re8 19. Na2 Rcc8 20. c3 a5 21. Bb6 a4 22. h3 g5 23. Rd3 Bf8 24. Nb4 Nxb4 25. axb4 e6 26. Re5 Nd5 27. Bxd5 exd5 28. Rdxd5 Rxe5 29. Rxe5 a3 30. bxa3 Rxc3 31. Re8 Rc1+ 32. Kg2 Kg7 33. Bd4+ f6 34. Re6 Rd1 35. Bxf6+ Kf7 36. Rb6 Rd3 37. Bb2 Rb3 38. Bc1 Rc3 39. Be3 Rxa3 40. Rxb5 Rb3 41. Rb7+ Ke6 42. b5 Be7 43. g4 Bd8 44. b6 Be7 45. Rb8 Kd7 46. Rh8 1-0

[Event "FISU World University-ch 2020"]
[Site "Online"]
[Date "2020.10.26"]
[Round "5.2"]
[White "Nikitenko, Mihail"]
[Black "Martirosyan, Haik M."]
[Result "0-1"]
[WhiteElo "2436"]
[BlackElo "2622"]
[Annotator "TA"]
[PlyCount "90"]
[EventDate "2020.10.26"]
[SourceTitle "playchess.com"]
[Source "ChessBase"]
[SourceQuality "1"]

1. e4 c5 2. Nf3 Nc6 3. d4 cxd4 4. Nxd4 Qb6 5. Nb3 Nf6 6. Nc3 e6 7. Be3 Qc7 8. Bd3 a6 9. O-O d6 10. f4 Be7 11. Qf3 O-O 12. a3 b5 13. Rae1 Bb7 14. Qh3 b4 15. axb4 Nxb4 16. Kh1 Nd7 17. Nd4 Bf6 18. f5 Bxd4 19. Bxd4 e5 20. f6 Nxf6 21. Be3 Qd7 22. Rf5 d5 23. Bh6 Nxd3 24. cxd3 dxe4 25. Bxg7 Kxg7 26. Qg3+ Kh8 27. Rxf6 exd3 28. Qxe5 Rae8 29. Re6+ f6 30. Qxf6+ Rxf6 31. Rxe8+ Kg7 32. R8e7+ Qxe7 33. Rxe7+ Kf8 34. Re1 Rf2 35. Kg1 Rxg2+ 36. Kf1 Rxh2 37. Re3 d2 38. Rd3 a5 39. Rd7 Bf3 40. Kg1 Rh1+ 41. Kf2 d1=Q 42. Nxd1 Bxd1 43. Kg2 Ba4 44. Ra7 Rh5 45. Kg3 Be8 0-1

[Event "FISU World University-ch 2020"]
[Site "Online"]
[Date "2020.10.26"]
[Round "5.2"]
[White "Ilyuchyk, Yana"]
[Black "Sargsyan, Anna M."]
[Result "1-0"]
[WhiteElo "2119"]
[BlackElo "2402"]
[Annotator "TA"]
[PlyCount "213"]
[EventDate "2020.10.26"]
[SourceTitle "playchess.com"]
[Source "ChessBase"]
[SourceQuality "1"]

1. e4 c6 2. d4 d5 3. Nd2 dxe4 4. Nxe4 Bf5 5. Ng3 Bg6 6. h4 h6 7. h5 Bh7 8. Nf3 e6 9. Bd3 Bxd3 10. Qxd3 Nf6 11. Bd2 c5 12. Ne4 Nxe4 13. Qxe4 Nc6 14. dxc5 Bxc5 15. O-O-O Qe7 16. Bc3 O-O 17. Rhe1 Bb4 18. Bxb4 Nxb4 19. a3 Nc6 20. g4 Rad8 21. Qf4 Rxd1+ 22. Rxd1 f5 23. g5 hxg5 24. Nxg5 e5 25. Qc4+ Kh8 26. Rg1 Nd4 27. c3 Nc6 28. Qd5 e4 29. Ne6 Rf7 30. h6 gxh6 31. Nf4 Kh7 32. Rg6 Qc7 33. Kb1 Qd7 34. Rd6 Qe8 35. Nh5 Qe7 36. Re6 Qf8 37. Nf4 Qg7 38. Qd6 Ne7 39. Ka2 Ng8 40. Rg6 Qf8 41. Qe5 Rf6 42. Rg3 Qe7 43. Qd4 Qf7+ 44. c4 b5 45. Rc3 Rc6 46. b3 bxc4 47. bxc4 Rb6 48. Nd5 Rg6 49. Rb3 Qg7 50. Qe3 Nf6 51. Nf4 Rg1 52. Rb2 Ng4 53. Qc5 Qd7 54. f3 Rf1 55. fxg4 Rxf4 56. gxf5 Rxf5 57. Qe3 Re5 58. Rh2 Qe6 59. Qxa7+ Kg6 60. Qd4 e3 61. Rg2+ Rg5 62. Re2 Re5 63. Rg2+ Kf7 64. Re2 Re4 65. Qa7+ Kf6 66. Qc5 Rxc4 67. Qf8+ Kg6 68. Kb2 Rg4 69. Qc5 Re4 70. Rg2+ Kf7 71. Qh5+ Ke7 72. Qc5+ Ke8 73. Re2 Qf6+ 74. Ka2 Qf7+ 75. Kb2 Qf3 76. Qb5+ Kf7 77. Qd3 h5 78. Rc2 Re7 79. Qh7+ Ke6 80. Qg8+ Qf7 81. Qc8+ Kf6 82. Qc6+ Kg7 83. Rg2+ Kh7 84. Qc2+ Kh6 85. Qc6+ Qe6 86. Qf3 Qe5+ 87. Ka2 Qe6+ 88. Ka1 Rf7 89. Qe2 Qe5+ 90. Ka2 Qe6+ 91. Ka1 Qf6+ 92. Ka2 Qf2 93. Kb3 Qxe2 94. Rxe2 Re7 95. Kc2 Kg5 96. Kd3 Kf4 97. Rh2 Kg4 98. Ke2 h4 99. Rg2+ Kf4 100. Rg8 h3 101. Rh8 Kg3 102. Rg8+ Kh2 103. a4 Ra7 104. Rg4 Re7 105. Rg5 Re4 106. a5 Kh1 107. a6 1-0

[Event "FISU World University-ch 2020"]
[Site "Online"]
[Date "2020.10.26"]
[Round "5.3"]
[White "Albornoz Cabrera, Carlos Daniel"]
[Black "Bilguun, Sumiya"]
[Result "0-1"]
[WhiteElo "2573"]
[BlackElo "2454"]
[Annotator "TA"]
[PlyCount "94"]
[EventDate "2020.10.26"]
[SourceTitle "playchess.com"]
[Source "ChessBase"]
[SourceQuality "1"]

1. e4 c5 2. Nf3 e6 3. g3 Nc6 4. Bg2 Nf6 5. Qe2 e5 6. O-O d6 7. c3 Be7 8. Rd1 Bg4 9. h3 Bh5 10. Na3 O-O 11. d3 Re8 12. Bg5 a6 13. Bxf6 Bxf3 14. Qxf3 Bxf6 15. h4 g6 16. Nc4 b5 17. Ne3 h5 18. Bh3 Bg7 19. a4 b4 20. Nc4 Rb8 21. g4 Re6 22. Qg3 hxg4 23. Bxg4 Rf6 24. Kg2 Bh6 25. Rh1 bxc3 26. bxc3 Rb3 27. h5 Rxc3 28. Bf5 Bf4 29. Qg4 g5 30. h6 Nd4 31. Rh5 Nxf5 32. exf5 Kh8 33. Rb1 Rxd3 34. Kf1 Rd4 35. Rxg5 Rxc4 36. Rg8+ Qxg8 37. Rb8 Rg6 38. Rxg8+ Rxg8 39. Qh4 Rc1+ 40. Ke2 Bg5 41. Qh5 f6 42. Qf7 c4 43. h7 Rg7 44. Qh5 d5 45. a5 d4 46. Kf3 d3 47. Ke4 d2 0-1

[Event "FISU World University-ch 2020"]
[Site "Online"]
[Date "2020.10.26"]
[Round "5.3"]
[White "Agibileg, Uurtsaikh"]
[Black "Elias Reyes, Jorge Roberto"]
[Result "1-0"]
[WhiteElo "2413"]
[BlackElo "2428"]
[Annotator "TA"]
[PlyCount "121"]
[EventDate "2020.10.26"]
[SourceTitle "playchess.com"]
[Source "ChessBase"]
[SourceQuality "1"]

1. d4 Nf6 2. c4 c5 3. d5 b5 4. cxb5 a6 5. b6 d6 6. Nc3 Nbd7 7. a4 Qxb6 8. Nf3 g6 9. e4 Bg7 10. Nd2 O-O 11. Nc4 Qd8 12. Be2 Rb8 13. O-O Ne8 14. a5 Ne5 15. Nb6 Nd7 16. Nca4 Nxb6 17. Nxb6 Nf6 18. Qc2 Nd7 19. Nc4 Ne5 20. Ne3 g5 21. Nf5 Bxf5 22. exf5 c4 23. Bxc4 Nxc4 24. Qxc4 Qc8 25. Qg4 h6 26. h4 Qc5 27. hxg5 Rb4 28. Qg3 Be5 29. Qh3 hxg5 30. Bxg5 f6 31. Be3 Qxd5 32. f4 Bd4 33. Qg4+ Kh8 34. Qh5+ Kg8 35. Qg6+ Kh8 36. Ra3 Rf7 37. Rf3 Qxf3 38. Qh6+ Kg8 39. gxf3 Rh7 40. Qxh7+ Kxh7 41. Bxd4 Rxd4 42. Re3 Rxf4 43. Rxe7+ Kh6 44. Ra7 Rxf5 45. Rxa6 Rb5 46. Rxd6 Rxb2 47. Rxf6+ Kg5 48. Rf8 Ra2 49. Ra8 Kf4 50. a6 Kg3 51. Kf1 Kxf3 52. Ke1 Ke3 53. Kd1 Kd3 54. Kc1 Kc3 55. Kb1 Rb2+ 56. Ka1 Rb6 57. a7 Rc6 58. Ka2 Ra6+ 59. Kb1 Rb6+ 60. Kc1 Rc6 61. Rb8 1-0

[Event "FISU World University-ch 2020"]
[Site "Online"]
[Date "2020.10.26"]
[Round "5.3"]
[White "Lopez Gonzalez, Abel Fabian"]
[Black "Garidmagnai, Byambasuren"]
[Result "1-0"]
[WhiteElo "2379"]
[BlackElo "2369"]
[Annotator "TA"]
[PlyCount "57"]
[EventDate "2020.10.26"]
[SourceTitle "playchess.com"]
[Source "ChessBase"]
[SourceQuality "1"]

1. d4 Nf6 2. c4 g6 3. Nc3 Bg7 4. e4 d6 5. h3 O-O 6. Be3 c6 7. g4 e5 8. d5 cxd5 9. cxd5 a6 10. a4 a5 11. Nge2 Na6 12. Ng3 Nd7 13. h4 Ndc5 14. h5 b6 15. Ra3 Nb4 16. Nb5 Ba6 17. Qd2 Qd7 18. Bh6 Qxg4 19. Nxd6 Bxf1 20. Kxf1 Bxh6 21. Qxh6 Qf4 22. hxg6 Qxh6 23. gxf7+ Rxf7 24. Rxh6 Rd7 25. Nc4 Nbd3 26. Nxb6 Rad8 27. Nxd7 Rxd7 28. Rc6 Rb7 29. Rc3 1-0

[Event "FISU World University-ch 2020"]
[Site "Online"]
[Date "2020.10.26"]
[Round "5.3"]
[White "Uuriintuya, Uurtsaikh"]
[Black "Alfonso Ruisanchez, Laritza"]
[Result "0-1"]
[WhiteElo "2288"]
[BlackElo "2108"]
[Annotator "TA"]
[PlyCount "68"]
[EventDate "2020.10.26"]
[SourceTitle "playchess.com"]
[Source "ChessBase"]
[SourceQuality "1"]

1. e4 c5 2. Nf3 d6 3. d4 cxd4 4. Nxd4 Nf6 5. Nc3 a6 6. f4 e6 7. a4 Be7 8. Be2 Qc7 9. O-O Nc6 10. Be3 Bd7 11. Kh1 O-O 12. Nb3 Rac8 13. a5 Nb4 14. Bf3 Bc6 15. Qd2 d5 16. e5 Ne4 17. Bxe4 dxe4 18. Qe2 Nd5 19. Nxd5 Bxd5 20. Rfc1 Qc4 21. Qe1 f6 22. Nd2 Qc7 23. c4 Bc6 24. Bb6 Qb8 25. Bd4 fxe5 26. fxe5 Bg5 27. Rc3 Rcd8 28. Nxe4 Bxe4 29. Qxe4 Rf4 30. Qe2 Rdxd4 31. Rg3 Bh4 32. Re3 Rf2 33. Qh5 Qf8 34. Rg1 g6 0-1

[Event "FISU World University-ch 2020"]
[Site "Online"]
[Date "2020.10.26"]
[Round "5.4"]
[White "Limon Olmos, Ivan Alonso"]
[Black "Yeoh, Li Tian"]
[Result "0-1"]
[WhiteElo "2154"]
[BlackElo "2523"]
[Annotator "TA"]
[PlyCount "96"]
[EventDate "2020.10.26"]
[SourceTitle "playchess.com"]
[Source "ChessBase"]
[SourceQuality "1"]

1. d4 f5 2. c4 Nf6 3. Nc3 d6 4. Nf3 g6 5. Bg5 Bg7 6. Qc2 c6 7. e3 O-O 8. Be2 a5 9. O-O Na6 10. a3 Qc7 11. Rfb1 Kh8 12. Bxf6 Bxf6 13. Qa4 Be6 14. b4 Nb8 15. Qb3 Nd7 16. b5 Bg8 17. bxc6 bxc6 18. Qb7 Rfc8 19. Na4 c5 20. Qxc7 Rxc7 21. Nd2 cxd4 22. exd4 Bxd4 23. Ra2 Kg7 24. Rc2 Kf8 25. Bf3 Rac8 26. Rbc1 Rb8 27. Be2 Nc5 28. Nc3 Bxc3 29. Rxc3 Rcb7 30. Nf3 e5 31. h4 Rb2 32. Bf1 h6 33. Rd1 Ke7 34. Re3 Be6 35. Ree1 Ra2 36. Re3 Rb3 37. Rxb3 Nxb3 38. Rb1 a4 39. Ne1 e4 40. g3 Rxa3 41. Rb2 Ra1 42. Nc2 Rc1 43. Kg2 Kd7 44. Ne3 Kc6 45. Ra2 Ra1 46. Rb2 Kc5 47. Nc2 Rc1 48. Ra2 Nd2 0-1

[Event "FISU World University-ch 2020"]
[Site "Online"]
[Date "2020.10.26"]
[Round "5.4"]
[White "Tan, Li Ting"]
[Black "Real Pereyra, Jeronimo"]
[Result "0-1"]
[WhiteElo "2087"]
[BlackElo "2130"]
[Annotator "TA"]
[PlyCount "92"]
[EventDate "2020.10.26"]
[SourceTitle "playchess.com"]
[Source "ChessBase"]
[SourceQuality "1"]

1. d3 c5 2. c4 Nc6 3. Nc3 g6 4. g3 Bg7 5. Bg2 d6 6. Nf3 e6 7. O-O Nge7 8. Bd2 O-O 9. Qc1 b6 10. Bh6 Bb7 11. Bxg7 Kxg7 12. Rb1 Qd7 13. Rd1 Ne5 14. Nxe5 dxe5 15. Bxb7 Qxb7 16. b4 cxb4 17. Rxb4 Nc6 18. Rb5 Qc7 19. Qe3 f6 20. Ne4 Nd4 21. Rb2 h5 22. h4 Rac8 23. Rdb1 Nf5 24. Qd2 Nd6 25. Qe3 Nxe4 26. Qxe4 Rfd8 27. Rc2 Rd4 28. Qe3 Qd6 29. Rbc1 Rc5 30. Qf3 Qd7 31. Qa8 g5 32. hxg5 fxg5 33. Kg2 e4 34. e3 Rxd3 35. Qxe4 Qc6 36. Qxc6 Rxc6 37. Kf3 Rc5 38. Ke4 Rd7 39. f4 g4 40. Rb1 Rdc7 41. Kd3 b5 42. Rxb5 Rxb5 43. cxb5 Rxc2 44. Kxc2 h4 45. Kd3 h3 46. Kc4 h2 0-1

[Event "FISU World University-ch 2020"]
[Site "Online"]
[Date "2020.10.26"]
[Round "5.4"]
[White "Lima Martinez, Alejandro"]
[Black "Azhar, Puteri Munajjah Az-Z"]
[Result "1/2-1/2"]
[WhiteElo "2074"]
[BlackElo "2046"]
[Annotator "TA"]
[PlyCount "99"]
[EventDate "2020.10.26"]
[SourceTitle "playchess.com"]
[Source "ChessBase"]
[SourceQuality "1"]

1. d4 Nf6 2. Nf3 e6 3. c4 Bb4+ 4. Bd2 Qe7 5. g3 d5 6. Bg2 O-O 7. O-O Nbd7 8. Bg5 dxc4 9. Qc2 h6 10. Bxf6 Nxf6 11. Qxc4 Bd6 12. Nc3 c6 13. a3 Bd7 14. Ne5 Nd5 15. Ne4 Rac8 16. Nxd6 Qxd6 17. e4 Nf6 18. Qc5 Qb8 19. Rfd1 b6 20. Qc3 c5 21. d5 exd5 22. Nxd7 Nxd7 23. Rxd5 Nf6 24. Rd2 Rcd8 25. Rad1 Rfe8 26. Rxd8 Rxd8 27. Rxd8+ Qxd8 28. Bf3 Qe7 29. Qc2 Qe5 30. Qc3 Qe7 31. Qc2 Qe5 32. Qc3 Qxc3 33. bxc3 Kf8 34. Kf1 Ke7 35. Ke2 Kd6 36. Kd3 Nd7 37. Be2 Ne5+ 38. Ke3 Nc6 39. Bc4 Ne5 40. Be2 a5 41. f4 Nd7 42. a4 f6 43. Bb5 Nf8 44. Bc4 Ng6 45. Bf7 Ne7 46. Bc4 Nc6 47. Bb5 Ne7 48. Bc4 Nc8 49. Ba6 Ne7 50. Bc4 1/2-1/2

[Event "FISU World University-ch 2020"]
[Site "Online"]
[Date "2020.10.26"]
[Round "5.4"]
[White "Mohd Saprin, Amir Ghaazi"]
[Black "Herrera Camara, Genny Ceci"]
[Result "1-0"]
[WhiteElo "1951"]
[BlackElo "1828"]
[Annotator "TA"]
[PlyCount "83"]
[EventDate "2020.10.26"]
[SourceTitle "playchess.com"]
[Source "ChessBase"]
[SourceQuality "1"]

1. Nf3 e6 2. c4 Nf6 3. g3 b6 4. Bg2 Bb7 5. O-O Be7 6. b3 O-O 7. Bb2 d6 8. Nc3 Nbd7 9. Rc1 Re8 10. e3 Nf8 11. Qe2 Ng6 12. d4 Bf8 13. Rfd1 Ne4 14. d5 Nxc3 15. Bxc3 e5 16. h4 Bc8 17. e4 Bg4 18. Bd2 Be7 19. Qd3 Rf8 20. Rf1 Qd7 21. Nh2 Bh3 22. h5 Nh8 23. f4 Bxg2 24. Kxg2 exf4 25. gxf4 f5 26. e5 Qe8 27. Qh3 Nf7 28. Rce1 Nh6 29. exd6 cxd6 30. Re6 Rf6 31. Rfe1 Rxe6 32. Rxe6 Qf7 33. Bc3 Re8 34. Qg3 Kf8 35. Qh3 Bd8 36. Rxd6 Re2+ 37. Kf1 Re8 38. Qg3 Qe7 39. Re6 Qf7 40. Qxg7+ Qxg7 41. Bxg7+ Kxg7 42. Rxe8 1-0

[Event "FISU World University-ch 2020"]
[Site "Online"]
[Date "2020.10.26"]
[Round "5.5"]
[White "Akhmetov, Ayan"]
[Black "Rubio Tent, Francisco"]
[Result "0-1"]
[WhiteElo "2438"]
[BlackElo "2357"]
[Annotator "TA"]
[PlyCount "86"]
[EventDate "2020.10.26"]
[SourceTitle "playchess.com"]
[Source "ChessBase"]
[SourceQuality "1"]

1. e4 c6 2. d4 d5 3. Nd2 dxe4 4. Nxe4 Bf5 5. Ng3 Bg6 6. h4 h6 7. h5 Bh7 8. Nf3 Nd7 9. Bd3 Bxd3 10. Qxd3 e6 11. Bd2 Ngf6 12. O-O-O Be7 13. Kb1 O-O 14. Qe2 c5 15. dxc5 Qc7 16. Rh4 Nxc5 17. Rd4 Rac8 18. c4 Rfd8 19. Bf4 Qb6 20. Qc2 Rxd4 21. Nxd4 Na6 22. Qe2 Qb4 23. a3 Qb6 24. Nb5 Nc5 25. Nf1 a6 26. Nc3 Qc6 27. g4 Nfe4 28. Nxe4 Nxe4 29. f3 Nc5 30. Nd2 Na4 31. Ne4 Nb6 32. c5 Nd5 33. Bd6 Bd8 34. f4 b6 35. g5 hxg5 36. fxg5 bxc5 37. g6 f5 38. Nf6+ Nxf6 39. Qxe6+ Kh8 40. h6 Qe4+ 41. Qxe4 Nxe4 42. Be5 Bf6 43. hxg7+ Kxg7 0-1

[Event "FISU World University-ch 2020"]
[Site "Online"]
[Date "2020.10.26"]
[Round "5.5"]
[White "Nieves Cabanes, Jose Manuel"]
[Black "Mezentsev, Ivan"]
[Result "1/2-1/2"]
[WhiteElo "2293"]
[BlackElo "2354"]
[Annotator "TA"]
[PlyCount "155"]
[EventDate "2020.10.26"]
[SourceTitle "playchess.com"]
[Source "ChessBase"]
[SourceQuality "1"]

1. Nf3 Nf6 2. g3 d5 3. c4 c6 4. b3 Bf5 5. Bb2 e6 6. Bg2 Be7 7. O-O O-O 8. d3 h6 9. Nbd2 Bh7 10. Rc1 a5 11. a3 Nbd7 12. Qc2 Bd6 13. Qb1 Qe7 14. Qa1 e5 15. e4 dxe4 16. dxe4 Nxe4 17. Nxe4 Bxe4 18. Rfe1 Nc5 19. Re3 a4 20. bxa4 Bxf3 21. Bxf3 f6 22. Rd1 Nxa4 23. Red3 Nxb2 24. Qxb2 e4 25. Bxe4 Bxa3 26. Qe2 f5 27. Bf3 Qxe2 28. Bxe2 Bc5 29. Bf3 Ra2 30. R1d2 Rfa8 31. Bh5 Rxd2 32. Rxd2 Rb8 33. Bg6 f4 34. gxf4 b5 35. cxb5 cxb5 36. Bc2 Kf8 37. Rd7 Be7 38. Bb3 b4 39. Kg2 Rc8 40. Rd3 Rc3 41. Rxc3 bxc3 42. Kf3 Bc5 43. h3 Ke7 44. Ke2 Bd4 45. f3 Kd6 46. Kd3 Kc5 47. f5 Bf6 48. Ba4 Kd5 49. Bc2 Ke5 50. Kxc3 Kf4+ 51. Kd2 Kg3 52. Ke2 Kxh3 53. Kf2 Bd4+ 54. Kf1 Kg3 55. Be4 h5 56. Bd5 h4 57. f4 h3 58. f6 Bxf6 59. f5 Bd4 60. Bc6 Kf4 61. Bb7 Bc5 62. Bc6 Bd4 63. Bb7 Bf6 64. Bc6 Bh4 65. Bb7 Bg3 66. Bc6 Bh2 67. Bb7 Bg3 68. Bc6 Bh4 69. Bb7 Ke5 70. Kg1 Bg3 71. Kh1 Bf4 72. Bc8 Kf6 73. Bd7 Ke7 74. Bc8 Kf6 75. Bd7 Bb8 76. Bc8 g5 77. fxg6 Kxg6 78. Bxh3 1/2-1/2

[Event "FISU World University-ch 2020"]
[Site "Online"]
[Date "2020.10.26"]
[Round "5.5"]
[White "Rakhimzhan, Alen"]
[Black "Torrijos Garcia, Borja"]
[Result "1-0"]
[WhiteElo "2273"]
[BlackElo "2130"]
[Annotator "TA"]
[PlyCount "57"]
[EventDate "2020.10.26"]
[SourceTitle "playchess.com"]
[Source "ChessBase"]
[SourceQuality "1"]

1. d4 Nf6 2. c4 c5 3. d5 b5 4. cxb5 g6 5. Nc3 a6 6. e3 Bg7 7. a4 axb5 8. Bxb5 O-O 9. Nf3 Ba6 10. O-O d6 11. Bd2 Nbd7 12. Qe2 Bb7 13. e4 e6 14. dxe6 fxe6 15. Bg5 h6 16. Bh4 Qc7 17. Rad1 Nb6 18. Bg3 Rfd8 19. e5 Bxf3 20. Qxf3 dxe5 21. Qc6 Qxc6 22. Bxc6 Rxd1 23. Rxd1 Rc8 24. Bb5 Nfd5 25. a5 Nxc3 26. bxc3 Nd5 27. Bd7 Nxc3 28. Bxc8 Nxd1 29. a6 1-0

[Event "FISU World University-ch 2020"]
[Site "Online"]
[Date "2020.10.26"]
[Round "5.5"]
[White "Represa Perez, Mireya"]
[Black "Muratova, Anel"]
[Result "0-1"]
[WhiteElo "2126"]
[BlackElo "1753"]
[Annotator "TA"]
[PlyCount "112"]
[EventDate "2020.10.26"]
[SourceTitle "playchess.com"]
[Source "ChessBase"]
[SourceQuality "1"]

1. e4 c5 2. Nf3 d6 3. d4 cxd4 4. Qxd4 Nf6 5. Bg5 Nc6 6. Bb5 Bd7 7. Bxc6 Bxc6 8. Nc3 e6 9. O-O-O Be7 10. Rhe1 Qa5 11. Kb1 O-O 12. Qd2 Qc7 13. Nd4 Rac8 14. f3 a6 15. g4 b5 16. Nce2 a5 17. Ng3 b4 18. Nh5 Qd8 19. Rg1 Nxe4 20. fxe4 Bxg5 21. Qe2 g6 22. Nf3 Bh6 23. g5 Bg7 24. Nxg7 Kxg7 25. Qf2 Bxe4 26. Qd4+ e5 27. Qxe4 Qc7 28. Rd2 Qc5 29. Rg3 f5 30. Qd5 e4 31. Qxc5 dxc5 32. Rd7+ Rf7 33. Rxf7+ Kxf7 34. Nd2 Rd8 35. Kc1 Ke6 36. Nc4 a4 37. b3 a3 38. Rg2 f4 39. Rd2 Rd4 40. Kd1 e3 41. Rxd4 cxd4 42. Ke2 Kf5 43. Kf3 Kxg5 44. Nb6 Kf5 45. Nd5 g5 46. Nxb4 g4+ 47. Ke2 Ke4 48. Nd3 f3+ 49. Kf1 h5 50. Ke1 h4 51. b4 g3 52. hxg3 h3 53. b5 h2 54. Nf2+ exf2+ 55. Kxf2 h1=Q 56. b6 Qg2+ 0-1